000 01983cam a22005414i 4500
003 PE-LiUPU
005 20250731173039.0
008 170814t20172017mnu rb 001 0 eng d
020 _a150641186X
020 _a9781506411866
035 _a(Sirsi) i9781506411866
035 _a(OCoLC)1000582443
040 _aBTCTA
_beng
_erda
_cBTCTA
_dYDX
_dBDX
_dGCL
_dPTS
_dOCLCF
_dPE-LiUPU
049 _aPRUA
082 0 4 _a251
_bM55
_220
100 1 _aMyers, Jacob D.,
_eautor.
245 1 0 _aPreaching must die! :
_btroubling homiletical theology /
_cJacob D. Myers.
264 1 _aMinneapolis :
_bFortress Press,
_c2017.
300 _axiv, 220 páginas ;
_c23 centímetros
336 _atext
_2rdacontent
337 _aunmediated
_2rdamedia
338 _avolume
_2rdacarrier
504 _aBibliografía : páginas 191-212.
504 _aIndice : páginas 215-220.
505 0 _aBefore one's time :troubling language -- Crossing over to the other side :troubling the preacher -- The gift of death :troubling scripture -- Giving up the ghost :troubling God -- Conclusion : preaching meets its maker, perchance.
526 _aSEG42
526 _aSEG41
526 _aSEG40
526 _aSEG39
526 _aP94
526 _aP87
526 _aP86
526 _aP85
526 _aP77
526 _aP76
526 _aP35
650 0 _aTeología posmoderna.
650 0 _aPredicación.
650 0 _aPostmodern theology.
650 0 _aPreaching.
910 _adbm
_bncf
_cncf
_d20171218
942 _2ddc
_cBOOK
949 _a251 M55
_wDEWEY
_c1
_i77632
_lCATALOGING
_mBUL
_p19.50
_r0
_sY
_tBOOK
_u2017-12-18
_xPOSGRADO
_PP85
_0DONACION
_o.STAFF. Colección Teología.
994 _aC0
_bPEPRU
596 _a1
999 _a251 M55
_wDEWEY
_c26225
_i77632
_f2021-11-10
_g4
_lCCODEBUL1
_mBUL
_p19.50
_r0
_sY
_tBOOK
_u2017-12-18
_xTEOLOGIA
_PP85
_0DONACION
_o.STAFF. Colección Teología.
_d26225
980 _81
_gALBERTO SANCHEZ Responsable de Automatización